000 00673nam a2200205Ia 4500
003 GCL
008 140319s9999 xx 000 0 ara d
040 _aGCL /
_cGCL
082 0 4 _a608.7
_bم س
100 1 _aادلسون، ادوارد
245 1 0 _aجريجور مندل وجذور علم الوراثة /
_cادلسون، ادوارد
260 _aالرياض :
_bمكتبة العبيكان ،
_c2004
300 _a135 ؛
_c24 سم
490 _aسلسلة علماء عباقرة
_v0
650 0 4 _aالهندسة الوراثية
650 0 4 _aالمخترعون
650 0 4 _aالعلماء - تراجم
650 0 4 _aجريجور مندل
942 _2ddc
_cBK
999 _c7138
_d7138